Indemnización administrativa desde la política pública de víctimas y restitución de tierras en el municipio de Carmen de Bolívar durante el periodo 2016-2019 (Registro nro. 507)

Detalles MARC
000 -LEADER
fixed length control field 02700nmm a2200277 a 4500
003 - CONTROL NUMBER IDENTIFIER
control field CO-CtgCURN
005 - DATE AND TIME OF LATEST TRANSACTION
control field 20250719162703.0
007 - PHYSICAL DESCRIPTION FIXED FIELD--GENERAL INFORMATION
fixed length control field co cga0aauuu
008 - FIXED-LENGTH DATA ELEMENTS--GENERAL INFORMATION
fixed length control field 200322s2020 xx f 000 0 spa d
040 ## - CATALOGING SOURCE
Original cataloging agency CO-CtgCURN
Language of cataloging spa
Transcribing agency coctgcurn
082 ## - DEWEY DECIMAL CLASSIFICATION NUMBER
Classification number TSO 2020
Item number C133i
100 ## - MAIN ENTRY--PERSONAL NAME
Personal name Caicedo Caro, Estefanía
Relator term autora
9 (RLIN) 3633
245 #0 - TITLE STATEMENT
Title Indemnización administrativa desde la política pública de víctimas y restitución de tierras en el municipio de Carmen de Bolívar durante el periodo 2016-2019
Medium [electronic resource] /
Statement of responsibility, etc. Estefania Caicedo Caro; asesor., Rafael Alberto Zambrano Vanegas
260 ## - PUBLICATION, DISTRIBUTION, ETC.
Place of publication, distribution, etc. Barranquilla, Atlántico :
Name of publisher, distributor, etc. Corporación Universitaria Rafael Núñez,
Date of publication, distribution, etc. 2020
300 ## - PHYSICAL DESCRIPTION
Extent 1 recurso en línea (99 páginas (PDF)) :
Other physical details tablas, imágenes, gráficas
502 ## - DISSERTATION NOTE
Dissertation note Trabajo de Grado (Trabajador Social). Corporación Universitaria Rafael Núñez. Facultad de Ciencias Sociales y Humanas. Programa de Trabajo Social, 2020
504 ## - BIBLIOGRAPHY, ETC. NOTE
Bibliography, etc. note Incluye referencias bibliográficas
520 ## - SUMMARY, ETC.
Summary, etc. El Gobierno de Colombia reconoció la existencia de un conflicto armado interno y, asimismo, la presencia de las víctimas, consideradas como ciudadanos a quienes deben restituirse sus derechos quebrantados, y garantizar el goce efectivo de estos, sin importar quién fue el victimario. Para ello se cuenta con un marco jurídico que convierte a las víctimas en sujetos de atención y de reparación integral. Un ejemplo de ese compromiso de resarcimiento a los afectados es la Ley de Víctimas y Restitución de Tierras, Ley 1448 de 2011, en el que se dictaron medidas de asistencia y dio apertura a una política pública de indemnización. Este tipo de leyes y otras normas demuestran que el Estado colombiano ha hecho un esfuerzo significativo en su obligación de reparar los daños causados durante varias décadas de conflicto armado interno; y a su vez ha generado que dicha política pública se divida en cinco componentes: entre ellos prevención, protección y garantías de no repetición; atención y asistencia; reparación integral, con medidas de restitución, rehabilitación, indemnización, satisfacción y garantías de no repetición; verdad y por último justicia.
521 ## - TARGET AUDIENCE NOTE
Target audience note AREA PROFESIONAL
590 ## - LOCAL NOTE (RLIN)
Local note Programa de Trabajo Social_26
650 ## - SUBJECT ADDED ENTRY--TOPICAL TERM
Topical term or geographic name entry element Trabajo Social
Form subdivision Tesis y disertaciones académicas
9 (RLIN) 3634
700 ## - ADDED ENTRY--PERSONAL NAME
Personal name Zambrano Vanegas, Rafael Alberto
Relator term asesor
9 (RLIN) 3635
856 ## - ELECTRONIC LOCATION AND ACCESS
Uniform Resource Identifier <a href="https://unicurn.sharepoint.com/:b:/s/biblioteca/ESWqyovVsmRLt7r9_z6XxAYBqZbgt6NogKNTXROk5c6Sxg?e=tz9JJF">https://unicurn.sharepoint.com/:b:/s/biblioteca/ESWqyovVsmRLt7r9_z6XxAYBqZbgt6NogKNTXROk5c6Sxg?e=tz9JJF</a>
Link text Consulte aquí el texto completo
942 ## - ADDED ENTRY ELEMENTS (KOHA)
Koha item type Trabajos de grado
Classification part TSO 2020
Item part C133i
Source of classification or shelving scheme Dewey Decimal Classification
Suppress in OPAC No
Existencias
Withdrawn status Lost status Source of classification or shelving scheme Damaged status Not for loan Collection Home library Current library Shelving location Date acquired Inventory number Total checkouts Full call number Barcode Date last seen Copy number Price effective from Koha item type
    Dewey Decimal Classification     Trabajos de grado Miguel Henríquez Castañeda Barranquilla Miguel Henríquez Castañeda Barranquilla Trabajo de grado 03/21/2020 04915   TSO 2020 C133i 04915 03/22/2020 ej.1 03/22/2020 Trabajos de grado